[Event "Six Seasons GM"]
[Site "Dhaka BAN"]
[Date "2010.03.16"]
[Round "1"]
[White "Grover,S"]
[Black "Minhazuddin,A"]
[Result "1/2-1/2"]
[WhiteElo "2434"]
[BlackElo "2289"]
[EventDate "2010.03.16"]

1. e4 e5 2. Nf3 Nf6 3. Nxe5 d6 4. Nf3 Nxe4 5. Nc3 Nxc3 6. dxc3 Be7 7. Be3
Nc6 8. Qd2 Bg4 9. Nd4 Qd7 10. h3 Be6 11. Nxe6 Qxe6 12. Be2 Ne5 13. O-O Nc4
14. Bxc4 Qxc4 15. Bd4 O-O 16. Rfe1 Rfe8 17. Re3 Bf8 18. b3 Qd5 19. c4 Qf5
20. Rae1 Rxe3 21. Rxe3 Rd8 22. a4 b6 23. Rf3 Qe4 24. Qg5 Rd7 25. Qd5 Re7
26. Kh2 c5 27. Qxe4 Rxe4 28. Be3 g6 29. g4 Bg7 30. Kg2 Kf8 31. Kf1 Re6 32.
Bg5 Ke8 33. Rd3 h6 34. Bf4 Kd7 35. Kg2 Bf8 36. Be3 Re4 37. Kf3 Re6 38. Rd5
a5 39. Ke2 Bg7 40. Kd3 Re5 41. Bf4 Re6 42. Bd2 Bf8 43. Bc3 Re8 44. f4 Re6
45. h4 Re8 46. f5 Be7 47. fxg6 fxg6 48. h5 Rg8 49. Bd2 gxh5 50. gxh5 Bf8
51. Ke4 Ke6 52. Bf4 Rg2 53. Rd2 Rxd2 54. Bxd2 Bg7 55. Be1 Bf6 56. Bg3 Be7
57. Bh2 Bf8 58. Bf4 Bg7 59. Bd2 1/2-1/2

[Event "Six Seasons GM"]
[Site "Dhaka BAN"]
[Date "2010.03.16"]
[Round "1"]
[White "Abu Sufian,S"]
[Black "Barua,D"]
[Result "1/2-1/2"]
[WhiteElo "2320"]
[BlackElo "2479"]
[EventDate "2010.03.16"]

1. e4 e6 2. d4 d5 3. Nc3 Nf6 4. e5 Nfd7 5. f4 c5 6. Nf3 Nc6 7. Be3 a6 8.
Qd2 b5 9. a3 Qb6 10. Ne2 b4 11. axb4 cxb4 12. f5 b3 13. fxe6 fxe6 14. c3
Be7 15. Kf2 Qb7 1/2-1/2

[Event "Six Seasons GM"]
[Site "Dhaka BAN"]
[Date "2010.03.16"]
[Round "1"]
[White "Iuldachev,S"]
[Black "Rahman,SM"]
[Result "1-0"]
[WhiteElo "2511"]
[BlackElo "2294"]
[EventDate "2010.03.16"]

1. e4 e6 2. d4 d5 3. e5 c5 4. c3 Nc6 5. Nf3 Qb6 6. a3 f6 7. Bd3 Bd7 8. O-O
f5 9. dxc5 Bxc5 10. b4 Be7 11. Nbd2 Nh6 12. c4 Nf7 13. cxd5 Ncxe5 14. Nxe5
Nxe5 15. Nc4 Qd4 16. Nxe5 Qxe5 17. dxe6 Bxe6 18. Bg5 Bxg5 19. Qh5+ g6 20.
Qxg5 O-O 21. Rfe1 Qd5 22. Rad1 Rae8 23. Bf1 Qc6 24. Re5 Bb3 25. Rde1 Rxe5
26. Rxe5 Re8 27. Rxf5 Re1 28. Re5 Rd1 29. Qe7 Bc4 30. Re1 Bxf1 31. Kxf1
Qc4+ 32. Kg1 Rxe1+ 33. Qxe1 Kf7 34. h3 Qd3 35. Qe3 Qd1+ 36. Kh2 Qd6+ 37.
Qg3 Qa6 38. Qc7+ Kg8 39. Qd8+ Kg7 40. Qd7+ Kg8 41. a4 Qb6 42. Qe8+ Kg7 43.
Qe7+ Kg8 44. f4 Qc6 45. Qd8+ Kf7 46. b5 Qe4 47. Qc7+ Kg8 48. a5 Kh8 49.
Qe5+ 1-0

[Event "Six Seasons GM"]
[Site "Dhaka BAN"]
[Date "2010.03.17"]
[Round "2"]
[White "Minhazuddin,A"]
[Black "Murshed,N"]
[Result "0-1"]
[WhiteElo "2289"]
[BlackElo "2413"]
[EventDate "2010.03.16"]

1. e4 e6 2. d4 d5 3. Nd2 dxe4 4. Nxe4 Bd7 5. Bd3 Bc6 6. Nf3 Nd7 7. O-O Ngf6
8. Neg5 Be7 9. Nxf7 Kxf7 10. Ng5+ Kg8 11. Nxe6 Qc8 12. Re1 Bd6 13. Bc4 b5
14. Bb3 Bd5 15. Bxd5 Nxd5 16. Nxg7 N7f6 17. Ne6 Qd7 18. f4 h6 19. a4 Re8
20. f5 a6 21. axb5 axb5 22. c3 Kf7 23. Qf3 Ne7 24. Rf1 Qc6 25. Qh3 Reg8 26.
Bf4 Rg4 27. Be5 Rhg8 28. g3 h5 29. Rae1 Ned5 30. Rf3 h4 31. Kf2 Qb6 32. Kf1
Qa6 33. Qg2 b4+ 34. Qe2 Qxe2+ 35. Rxe2 hxg3 36. hxg3 bxc3 37. bxc3 Ne4 38.
c4 Ndf6 39. Nxc7 Bxe5 40. dxe5 Rxg3 41. e6+ Ke7 42. Rxe4 Rxf3+ 43. Ke2 Rxf5
0-1

[Event "Six Seasons GM"]
[Site "Dhaka BAN"]
[Date "2010.03.17"]
[Round "2"]
[White "Rahman,SM"]
[Black "Islam,Kh"]
[Result "1/2-1/2"]
[WhiteElo "2294"]
[BlackElo "2300"]
[EventDate "2010.03.16"]

1. d4 d5 2. c4 e6 3. Nc3 Be7 4. Nf3 Nf6 5. Bg5 h6 6. Bh4 O-O 7. e3 b6 8.
cxd5 Nxd5 9. Bxe7 Qxe7 10. Nxd5 exd5 11. Rc1 Bb7 12. Qc2 Nd7 13. Bd3 c5 14.
O-O c4 15. Bh7+ Kh8 16. Bf5 Nf6 17. Ne5 Bc8 18. f3 Kg8 19. Rfe1 b5 20. Rcd1
Re8 21. Bxc8 Raxc8 22. e4 Qb7 23. h3 h5 24. Qf2 Re7 25. Qh4 c3 26. bxc3
Rxc3 27. Nd3 dxe4 28. Nc5 Qc7 29. fxe4 Rc2 30. a3 Re8 31. Rd3 Qd8 32. Red1
Qa8 33. Re1 Qd8 34. Qg5 Nd7 35. Qxd8 Rxd8 36. Nb7 Rb8 37. Nd6 b4 38. Rb1
Rb6 39. e5 f6 40. Rxb4 fxe5 41. Rxb6 axb6 42. dxe5 Nxe5 43. Rd5 Nc4 44.
Nxc4 Rxc4 45. Rxh5 Ra4 46. Rb5 Rxa3 47. Rxb6 Ra2 48. Kh2 Kh7 49. Rb4 Ra3
50. h4 Rc3 51. Rb5 Ra3 52. g3 Ra4 53. Kh3 Rc4 54. Rb6 Ra4 55. h5 Rc4 56. g4
Rc5 57. Kg3 Ra5 58. Re6 Ra3+ 59. Kf4 Ra4+ 60. Kg3 Ra3+ 61. Kh4 Ra5 62. Re4
Rb5 63. Ra4 Rc5 64. Re4 Ra5 65. Kg3 Rb5 66. Kf4 Ra5 67. Rd4 Rb5 68. Ra4 Rc5
69. Re4 Ra5 70. g5 Ra7 71. Re8 g6 72. h6 Rf7+ 73. Ke4 Rf4+ 74. Kxf4 1/2-1/2

[Event "Six Seasons GM"]
[Site "Dhaka BAN"]
[Date "2010.03.17"]
[Round "2"]
[White "Barua,D"]
[Black "Iuldachev,S"]
[Result "1/2-1/2"]
[WhiteElo "2479"]
[BlackElo "2511"]
[EventDate "2010.03.16"]

1. e4 e5 2. Bc4 Nf6 3. d3 Nc6 4. Nf3 Bc5 5. O-O d6 6. c3 Bb6 7. Bb3 Ne7 8.
Nbd2 Ng6 9. Nc4 O-O 10. h3 h6 11. a4 c6 12. Nxb6 axb6 13. Be3 d5 14. Re1
Be6 15. Bc2 c5 16. exd5 Bxd5 17. Nd2 Bc6 18. Ne4 c4 19. f3 Nd5 20. dxc4
Nxe3 21. Rxe3 f5 22. Qxd8 Raxd8 23. Nf2 Rd2 24. Rc1 e4 25. b4 exf3 26. b5
Be4 27. Nxe4 Rxg2+ 28. Kh1 fxe4 29. Bxe4 Rg3 30. Kh2 Rg2+ 1/2-1/2

[Event "Six Seasons GM"]
[Site "Dhaka BAN"]
[Date "2010.03.17"]
[Round "3"]
[White "Roy Chowdhury,S"]
[Black "Minhazuddin,A"]
[Result "1-0"]
[WhiteElo "2429"]
[BlackElo "2289"]
[EventDate "2010.03.16"]

1. e4 e5 2. Bc4 c6 3. Nc3 Nf6 4. d4 Qa5 5. dxe5 Nxe4 6. Bxf7+ Kxf7 7. Qf3+
Nf6 8. exf6 Qe5+ 9. Nge2 Qxf6 10. Bf4 d5 11. O-O-O Be7 12. Rxd5 cxd5 13.
Nxd5 Qf5 14. Nxe7 Kxe7 15. Nd4 Qg4 16. Re1+ Kf6 17. Be5+ Kg6 18. Qd3+ Bf5
19. Nxf5 Qxf5 20. Qd6+ Kf7 21. Qd5+ Kg6 22. g4 Qd7 23. Qe4+ Kf7 24. Qf4+
Kg8 25. Rd1 Qxd1+ 26. Kxd1 Nc6 27. Qc4+ Kf8 28. Bd6+ 1-0

[Event "Six Seasons GM"]
[Site "Dhaka BAN"]
[Date "2010.03.17"]
[Round "3"]
[White "Abu Sufian,S"]
[Black "Grover,S"]
[Result "1/2-1/2"]
[WhiteElo "2320"]
[BlackElo "2434"]
[EventDate "2010.03.16"]

1. e4 e5 2. Nf3 Nc6 3. Bb5 a6 4. Ba4 Nf6 5. O-O Bc5 6. c3 b5 7. Bb3 d6 8.
d4 Bb6 9. a4 Bg4 10. axb5 axb5 11. Rxa8 Qxa8 12. d5 Ne7 13. Qd3 O-O 14. Na3
Ng6 15. Bd1 Bd7 16. Be3 Qa7 17. Bxb6 Qxb6 18. g3 b4 19. Nc4 Bb5 20. cxb4
Ba6 21. Nfd2 Qxb4 22. Be2 Rb8 23. Ra1 Bb5 24. f3 h5 25. Qa3 Bd7 26. Qxb4
Rxb4 27. Ra8+ Kh7 28. Ra7 Ne8 29. Kf2 f5 30. Ke3 Ne7 31. Kd3 Kg6 32. Kc3
Rb8 33. b4 Nf6 34. Ne3 f4 35. gxf4 exf4 36. Ng2 Nexd5+ 37. exd5 Nxd5+ 38.
Kd4 Nf6 39. Rxc7 Rxb4+ 40. Rc4 Rb5 41. Nxf4+ Kf5 42. Ke3 g5 43. Bd3+ Ke5
44. Ng6+ Ke6 45. Nf8+ Ke7 46. Nxd7 Nxd7 47. Re4+ Re5 48. Rxe5+ dxe5 49. Bg6
Nf6 50. Ne4 g4 51. Nxf6 Kxf6 1/2-1/2

[Event "Six Seasons GM"]
[Site "Dhaka BAN"]
[Date "2010.03.17"]
[Round "3"]
[White "Iuldachev,S"]
[Black "Praveen Kumar,C1"]
[Result "0-1"]
[WhiteElo "2511"]
[BlackElo "2405"]
[EventDate "2010.03.16"]

1. e4 e6 2. d4 d5 3. e5 c5 4. c3 Nc6 5. Nf3 Bd7 6. Be2 f6 7. O-O fxe5 8.
Nxe5 Nxe5 9. dxe5 Qc7 10. c4 d4 11. Re1 O-O-O 12. Bf4 Bc6 13. Nd2 g5 14.
Bg3 Nh6 15. Bf3 Nf5 16. Bxc6 Qxc6 17. Ne4 Be7 18. Qd3 h5 19. f3 h4 20. Bf2
Rhf8 21. h3 Ng7 22. b4 Rf5 23. bxc5 Bxc5 24. Nxc5 Qxc5 25. Re4 Rf4 26. Rxf4
gxf4 27. Bxh4 Rd7 28. Re1 Nf5 29. Bg5 Qa5 30. Kf2 Rg7 31. h4 Ne3 32. Re2
Qxe5 33. Qe4 Qxe4 34. fxe4 e5 35. g3 fxg3+ 36. Kxg3 Nxc4 37. Rc2 b5 38. Kf2
Kd7 39. Ke2 Ke6 40. Rc1 Nd6 41. Rc6 a5 42. Ra6 a4 43. a3 Rg8 44. Kd3 Rf8
45. Bh6 Rf3+ 46. Ke2 Rf6 47. Bg5 Rg6 48. Kd3 Kf7 49. Ra7+ Kg8 50. Ra6 Kh7
51. Ra7+ Rg7 52. Rxg7+ Kxg7 53. h5 Ne8 54. Bh4 Nf6 55. h6+ Kg6 56. Bf2 b4
57. axb4 a3 58. Kc2 d3+ 0-1

[Event "Six Seasons GM"]
[Site "Dhaka BAN"]
[Date "2010.03.17"]
[Round "3"]
[White "Islam,Kh"]
[Black "Barua,D"]
[Result "0-1"]
[WhiteElo "2300"]
[BlackElo "2479"]
[EventDate "2010.03.16"]

1. d4 d5 2. Nf3 c6 3. c3 Bf5 4. Bf4 Nf6 5. Qb3 Qb6 6. Nbd2 Nh5 7. Be3 h6 8.
h3 Bh7 9. g4 Nf6 10. Bf4 e6 11. Bg2 Nbd7 12. Ne5 Nxe5 13. Bxe5 Nd7 14. Bg3
a5 15. O-O a4 16. Qxb6 Nxb6 17. a3 Kd7 18. Rfc1 Nc8 19. c4 Bd6 20. Bxd6
Nxd6 21. c5 Nb5 22. e3 Rhb8 23. Bf1 Nc7 24. Rc3 f6 25. Bd3 Bxd3 26. Rxd3
Nb5 0-1

[Event "Six Seasons GM"]
[Site "Dhaka BAN"]
[Date "2010.03.18"]
[Round "4"]
[White "Minhazuddin,A"]
[Black "Rahman,SM"]
[Result "1-0"]
[WhiteElo "2289"]
[BlackElo "2294"]
[EventDate "2010.03.16"]

1. e4 c5 2. Nf3 d6 3. d4 cxd4 4. Nxd4 Nf6 5. Nc3 a6 6. Be2 e5 7. Nb3 Be6 8.
Be3 Be7 9. Nd5 Nxd5 10. exd5 Bf5 11. Qd2 Nd7 12. Na5 Qc7 13. c4 O-O 14. b4
Bg6 15. O-O Rfe8 16. Rac1 Rac8 17. Rfd1 Bd8 18. c5 Nxc5 19. Nb3 b6 20. bxc5
bxc5 21. Bxa6 Rb8 22. Qe2 f5 23. Bb5 Rf8 24. f4 Qf7 25. Qf1 Bf6 26. a4 Bh5
27. Rd2 Qe7 28. Na5 Be8 29. Re1 e4 30. Nc6 Bxc6 31. dxc6 1-0

[Event "Six Seasons GM"]
[Site "Dhaka BAN"]
[Date "2010.03.18"]
[Round "4"]
[White "Praveen Kumar,C1"]
[Black "Islam,Kh"]
[Result "1/2-1/2"]
[WhiteElo "2405"]
[BlackElo "2300"]
[EventDate "2010.03.16"]

1. d4 e6 2. c4 b6 3. Nf3 Bb7 4. e3 g6 5. Nc3 Bg7 6. Be2 d6 7. O-O Ne7 8.
Ne1 O-O 9. Bf3 Qc8 10. a3 Nd7 11. Qc2 Rd8 12. Bxb7 Qxb7 13. Nf3 c5 14. b3
d5 15. cxd5 1/2-1/2

[Event "Six Seasons GM"]
[Site "Dhaka BAN"]
[Date "2010.03.18"]
[Round "4"]
[White "Grover,S"]
[Black "Iuldachev,S"]
[Result "0-1"]
[WhiteElo "2434"]
[BlackElo "2511"]
[EventDate "2010.03.16"]

1. e4 e5 2. Nf3 Nc6 3. Bb5 Nf6 4. O-O Nxe4 5. d4 Nd6 6. Bxc6 dxc6 7. dxe5
Nf5 8. Qxd8+ Kxd8 9. h3 Ke8 10. b3 a5 11. Ba3 Bxa3 12. Nxa3 h5 13. Nc4 Be6
14. Nb2 Ke7 15. Rfd1 Rad8 16. Ng5 Nd4 17. c4 Bf5 18. f3 Ne2+ 19. Kf2 Nf4
20. Kg3 Ne2+ 21. Kf2 Nf4 22. Kg3 Ne6 23. Nxe6 Kxe6 24. f4 Bc2 25. Rxd8 Rxd8
26. Kf3 Rd2 27. Na4 b6 28. Rf1 Rd3+ 29. Kf2 h4 30. Rc1 Rd2+ 31. Kf3 Kf5 32.
Rd1 Rd3+ 33. Ke2 Rg3 0-1

[Event "Six Seasons GM"]
[Site "Dhaka BAN"]
[Date "2010.03.19"]
[Round "5"]
[White "Abu Sufian,S"]
[Black "Minhazuddin,A"]
[Result "1/2-1/2"]
[WhiteElo "2320"]
[BlackElo "2289"]
[EventDate "2010.03.16"]

1. e4 e5 2. Nf3 Nf6 3. d4 Nxe4 4. Bd3 Nc6 5. Bxe4 d5 6. Bg5 Qd6 7. dxe5
Qb4+ 8. Nc3 dxe4 9. a3 Qa5 10. O-O exf3 11. b4 Bxb4 12. axb4 Qxb4 13. Nd5
Qg4 14. Nxc7+ Kf8 15. Be7+ Kg8 16. Qxf3 Qxf3 17. gxf3 Rb8 18. Bd6 Bf5 19.
c3 h5 20. Nb5 Re8 21. Nd4 Bh3 22. Nxc6 Rh6 23. Kh1 Bxf1 24. Ne7+ Rxe7 25.
Bxe7 Be2 26. h4 Bxf3+ 27. Kh2 Rc6 28. Rxa7 Rxc3 29. Ra3 Rxa3 30. Bxa3 g5
31. Kg3 Bd1 32. Be7 g4 1/2-1/2

[Event "Six Seasons GM"]
[Site "Dhaka BAN"]
[Date "2010.03.19"]
[Round "5"]
[White "Islam,Kh"]
[Black "Grover,S"]
[Result "1-0"]
[WhiteElo "2300"]
[BlackElo "2434"]
[EventDate "2010.03.16"]

1. Nf3 Nf6 2. d4 e6 3. e3 b6 4. Bd3 Bb7 5. Qe2 d5 6. Nbd2 c5 7. c3 Be7 8.
e4 cxd4 9. Nxd4 dxe4 10. Nxe4 Qd5 11. f3 O-O 12. O-O Nbd7 13. Rd1 Qh5 14.
Ng3 Qc5 15. Kh1 a6 16. Bc2 Rfd8 17. Bb3 Kh8 18. Be3 Qc7 19. Bxe6 fxe6 20.
Nxe6 Qc6 21. Nxd8 Bxd8 22. Bf4 Nf8 23. Bd6 Ng6 24. Nf5 b5 25. Bg3 Bb6 26.
Nd6 Nh5 27. Qe6 Nxg3+ 28. hxg3 Rf8 29. Nf7+ Rxf7 30. Qxf7 Qc5 31. Rd4 Bc6
32. Rad1 Qh5+ 33. Rh4 Qg5 34. Rg4 Qh5+ 35. Rh4 Qg5 36. Rg4 Qe5 37. Kh2 Ne7
38. Re1 1-0

[Event "Six Seasons GM"]
[Site "Dhaka BAN"]
[Date "2010.03.19"]
[Round "5"]
[White "Murshed,N"]
[Black "Praveen Kumar,C1"]
[Result "1-0"]
[WhiteElo "2413"]
[BlackElo "2405"]
[EventDate "2010.03.16"]

1. d4 Nf6 2. Nf3 e6 3. Bg5 d5 4. e3 c5 5. Nbd2 Be7 6. c3 O-O 7. Bd3 b6 8.
Ne5 Bb7 9. Qf3 Nbd7 10. Qh3 g6 11. Qh4 Re8 12. f4 Nxe5 13. fxe5 Ne4 14.
Bxe7 Qxe7 15. Qf4 f5 16. exf6 Nxf6 17. Nf3 Rf8 18. Qh4 Qg7 19. O-O Rae8 20.
Ne5 Ne4 21. Rxf8+ Rxf8 22. Bxe4 dxe4 23. Rf1 cxd4 24. Rxf8+ Qxf8 25. cxd4
Kg7 26. Qg5 Ba6 27. h4 Qf6 28. Qg3 Be2 29. Kh2 Qf5 30. Qg5 Qf6 31. Kg3 Bd3
32. Qxf6+ Kxf6 33. Kf4 h5 34. a3 Bf1 35. g3 Bd3 36. b4 Bb5 37. Kxe4 g5 38.
Kf3 Ba4 39. e4 1-0

[Event "Six Seasons GM"]
[Site "Dhaka BAN"]
[Date "2010.03.19"]
[Round "5"]
[White "Rahman,SM"]
[Black "Barua,D"]
[Result "1-0"]
[WhiteElo "2294"]
[BlackElo "2479"]
[EventDate "2010.03.16"]

1. d4 d5 2. c4 e6 3. Nc3 c6 4. Nf3 f5 5. g3 Nf6 6. Bg2 Be7 7. O-O O-O 8. b3
Bd7 9. Bb2 Be8 10. Qc2 Ne4 11. Ne5 Nd7 12. Nxe4 fxe4 13. Bh3 Nxe5 14. dxe5
Bf7 15. f3 Bc5+ 16. Kh1 Qe7 17. cxd5 cxd5 18. fxe4 Bg6 19. Bg2 Rxf1+ 20.
Rxf1 Rf8 21. Qd1 Rxf1+ 22. Qxf1 dxe4 23. Qd1 e3 24. Bf3 b6 25. Kg2 h6 26.
Bc1 a5 27. a3 Qg5 28. b4 axb4 29. axb4 Bxb4 30. Qb3 Qe7 31. Bxe3 Bc5 32.
Bxc5 bxc5 33. Qc4 Bf7 34. Qa6 Qc7 35. Qa8+ Kh7 36. Qb7 Qxb7 37. Bxb7 Kg8
38. Kf3 Be8 39. Ba6 Kf7 40. Ke3 Kg6 41. Kf4 Ba4 42. Bc4 Kf7 43. e4 Bd7 44.
Ke3 Kg6 45. Kf4 Kf7 46. Ke3 Ke7 47. Kd3 Kd8 48. Kc3 Kc7 49. Bb3 Kb6 50. Ba2
Bc6 51. Bxe6 Bxe4 52. Bf7 Kc6 53. Kc4 Bf3 54. Be8+ Kb6 55. e6 Kc7 56. Kxc5
Kd8 1-0

[Event "Six Seasons GM"]
[Site "Dhaka BAN"]
[Date "2010.03.19"]
[Round "6"]
[White "Minhazuddin,A"]
[Black "Barua,D"]
[Result "0-1"]
[WhiteElo "2289"]
[BlackElo "2479"]
[EventDate "2010.03.16"]

1. e4 e6 2. d4 d5 3. Nd2 Nf6 4. e5 Nfd7 5. Bd3 c5 6. c3 Nc6 7. Ne2 cxd4 8.
cxd4 f6 9. exf6 Qxf6 10. Nf3 h6 11. O-O Bd6 12. Bb1 O-O 13. Qd3 Rd8 14. Ng3
Nf8 15. Re1 Bd7 16. a3 Be8 17. Ba2 Bf7 18. Qe3 Nd7 19. b4 e5 20. b5 Nxd4
21. Nxd4 exd4 22. Qd3 Bxg3 23. Qxg3 d3 24. Be3 b6 25. Rad1 Nc5 26. Bb1 d4
27. Bd2 Bc4 28. a4 Re8 29. Bb4 Ne4 30. Rxe4 Rxe4 31. Bxd3 Bxd3 32. Qxd3
Rae8 33. h3 Re2 34. Qg3 Rc8 35. a5 Rcc2 36. axb6 axb6 37. Be1 Qe5 38. Qb3+
Kh8 0-1

[Event "Six Seasons GM"]
[Site "Dhaka BAN"]
[Date "2010.03.19"]
[Round "6"]
[White "Praveen Kumar,C1"]
[Black "Rahman,SM"]
[Result "1-0"]
[WhiteElo "2405"]
[BlackElo "2294"]
[EventDate "2010.03.16"]

1. d4 Nf6 2. c4 e6 3. Nc3 Bb4 4. e3 d5 5. Nge2 O-O 6. a3 Be7 7. cxd5 Nxd5
8. g3 b6 9. Bg2 Bb7 10. e4 Nf6 11. O-O c5 12. dxc5 Bxc5 13. b4 Be7 14. Qb3
Nc6 15. Rd1 Qb8 16. Bf4 Ne5 17. Qb2 Nc4 18. Qb3 Ne5 19. Nd4 Re8 20. Nxe6
Nh5 21. Nb5 Nxf4 22. Nxf4 a6 23. Nc3 Bf8 24. Ncd5 Bc6 25. Ne3 Ra7 26. Nfd5
Bb5 27. Ra2 Rc8 28. Rc2 Rxc2 29. Qxc2 a5 30. Bf1 Bxf1 31. Rxf1 axb4 32.
axb4 Nf3+ 33. Kg2 Nd4 34. Qd3 Nc6 35. Qc4 Qd6 36. Rb1 Qe6 37. Rc1 Ne5 38.
Qc8 g6 39. Qb8 Ra2 40. Rc8 Nd7 41. Qf4 Qe5 42. Rd8 1-0

[Event "Six Seasons GM"]
[Site "Dhaka BAN"]
[Date "2010.03.19"]
[Round "6"]
[White "Roy Chowdhury,S"]
[Black "Islam,Kh"]
[Result "1-0"]
[WhiteElo "2429"]
[BlackElo "2300"]
[EventDate "2010.03.16"]

1. e4 Nc6 2. Nc3 e5 3. Bc4 Nf6 4. d3 Bb4 5. Nge2 Na5 6. O-O Nxc4 7. dxc4
Be7 8. Ng3 d6 9. b3 Bg4 10. Qd3 Be6 11. Ba3 b6 12. Rad1 g6 13. Bc1 O-O 14.
Bh6 Re8 15. h3 Bf8 16. Qe3 Nd7 17. Bxf8 Rxf8 18. f4 exf4 19. Qxf4 Ne5 20.
Nb5 f6 21. Rd2 Qe7 22. Rdf2 a6 23. Nd4 Bd7 24. a4 b5 25. axb5 axb5 26. cxb5
Rab8 27. Qh4 Bxb5 28. Nxb5 Rxb5 29. Rxf6 Rxf6 30. Qxf6 Qxf6 31. Rxf6 Rc5
32. Rf2 Rc3 33. Kh2 Nc6 34. e5 Nxe5 35. Ne4 Rc6 36. Nf6+ Kg7 37. Nd5 h5 38.
c4 Nd3 39. Re2 Nc5 40. Ra2 Nd3 41. Ra7 Nc1 42. Rb7 Kh6 43. Kg3 Rc5 44. h4
c6 45. Nf4 g5 46. hxg5+ Rxg5+ 47. Kf3 Rf5 48. Ke4 Re5+ 49. Kf3 Rf5 50. Ke3
Re5+ 51. Kd2 Nxb3+ 52. Rxb3 Re4 53. Ne2 Rxc4 54. Ke3 Kg5 55. Rb8 d5 56.
Rg8+ Kf6 57. Nf4 h4 58. Rf8+ Kg5 59. Nh3+ Kg4 60. Rg8+ Kf5 61. Nf2 Rc3+ 62.
Kd4 Rc2 63. Rf8+ Ke6 64. Kd3 Rc4 65. Ke3 c5 66. Rh8 Rc3+ 67. Ke2 Rc2+ 68.
Ke1 Rc4 69. Kd2 Kf5 70. Rf8+ Kg5 71. Nh3+ Kh5 72. Rf5+ Kh6 73. Nf4 Ra4 74.
Rh5+ Kg7 75. Rxh4 Kf7 76. g3 Ra2+ 77. Ke3 Ra3+ 78. Kf2 d4 79. Rh7+ Kf6 80.
Rc7 Ra2+ 81. Kf3 Rc2 82. Ke4 Kg5 83. Rg7+ Kf6 84. Rg6+ Kf7 85. Rc6 Rc3 86.
g4 c4 87. Nd5 Rg3 88. Kf4 Rg1 89. Rxc4 d3 90. Rd4 1-0

[Event "Six Seasons GM"]
[Site "Dhaka BAN"]
[Date "2010.03.19"]
[Round "6"]
[White "Abu Sufian,S"]
[Black "Iuldachev,S"]
[Result "0-1"]
[WhiteElo "2320"]
[BlackElo "2511"]
[EventDate "2010.03.16"]

1. e4 e5 2. Nf3 Nc6 3. Bb5 Bc5 4. c3 Qf6 5. O-O Nge7 6. d4 exd4 7. Bg5 Qg6
8. Bxe7 Nxe7 9. cxd4 Bb6 10. Nc3 O-O 11. Kh1 d6 12. a4 a5 13. Qd2 Bg4 14.
Ng1 Rad8 15. f3 Bc8 16. Nge2 f5 17. Nd5 Nxd5 18. exd5 Qf6 19. Rfc1 Rf7 20.
b4 axb4 21. a5 Ba7 22. Qxb4 f4 23. Ra3 g5 24. Rac3 Qg7 25. Rc4 Kh8 26. h3
h5 27. Qe1 Rg8 28. Kg1 Qh7 29. Kf2 Re7 30. Qd2 Rgg7 31. R4c3 Qf5 32. Bc4
Qf6 33. Rh1 Rg8 34. Bb5 Qf5 35. Rcc1 c6 36. Bd3 Qf6 37. Be4 cxd5 38. Bxd5
Rge8 39. Rhe1 Bf5 40. Rcd1 Re3 41. Qb4 Qe7 42. Bc4 Rc8 43. Bb5 Rc2 44. Kf1
Qe6 45. d5 Rxf3+ 0-1

[Event "Six Seasons GM"]
[Site "Dhaka BAN"]
[Date "2010.03.20"]
[Round "7"]
[White "Iuldachev,S"]
[Black "Minhazuddin,A"]
[Result "1-0"]
[WhiteElo "2511"]
[BlackElo "2289"]
[EventDate "2010.03.16"]

1. e4 e5 2. Nf3 Nf6 3. Nc3 Bb4 4. Nxe5 O-O 5. Nd3 Bxc3 6. dxc3 Nxe4 7. Nf4
Re8 8. Be2 d6 9. O-O Bd7 10. c4 Bc6 11. f3 Nf6 12. b4 b6 13. Bb2 Qe7 14.
Rf2 Nbd7 15. Bd3 a5 16. b5 Bb7 17. Re2 Qf8 18. Qe1 Rxe2 19. Nxe2 Re8 20.
Qh4 d5 21. cxd5 Bxd5 22. Bd4 Nc5 23. Ng3 Nxd3 24. cxd3 Re6 25. Nf5 Ne8 26.
Qd8 Nd6 27. Qxf8+ Kxf8 28. Bxg7+ Ke8 29. Nxd6+ Rxd6 30. Be5 Re6 31. Bxc7
Kd7 32. Rc1 Bxa2 33. Kf2 Bb3 34. Bf4 a4 35. Rc7+ Ke8 36. Ra7 Rf6 37. Be5
Re6 38. d4 f6 39. Bc7 Re7 40. Ra8+ Kf7 41. Bxb6 Rb7 42. Bc5 Rxb5 43. Ke3
Rb7 44. Kf4 Kg6 45. Ra6 Kf7 46. h4 Bd1 47. d5 Rb5 48. Ra7+ Ke8 49. Rc7 Ra5
50. d6 a3 51. Re7+ 1-0

[Event "Six Seasons GM"]
[Site "Dhaka BAN"]
[Date "2010.03.20"]
[Round "7"]
[White "Rahman,SM"]
[Black "Grover,S"]
[Result "0-1"]
[WhiteElo "2294"]
[BlackElo "2434"]
[EventDate "2010.03.16"]

1. d4 e6 2. e4 d5 3. Nc3 Bb4 4. e5 c5 5. Bd2 Ne7 6. Nb5 Bxd2+ 7. Qxd2 O-O
8. Nf3 Nbc6 9. dxc5 f6 10. exf6 Rxf6 11. c4 b6 12. cxb6 Qxb6 13. Rc1 Ba6
14. c5 Qb8 15. Nd6 Bxf1 16. Kxf1 e5 17. Qc3 Rxd6 18. cxd6 Qxd6 19. h4 Rf8
20. h5 e4 21. h6 gxh6 22. Rh3 d4 23. Qc4+ Kh8 24. Nh4 Qf4 25. Rc2 d3 26.
Qc3+ Ne5 27. g3 Qf6 28. Rd2 e3 29. Nf3 exd2 0-1

[Event "Six Seasons GM"]
[Site "Dhaka BAN"]
[Date "2010.03.21"]
[Round "8"]
[White "Grover,S"]
[Black "Barua,D"]
[Result "1/2-1/2"]
[WhiteElo "2434"]
[BlackElo "2479"]
[EventDate "2010.03.16"]

1. e4 e6 2. d4 d5 3. Nc3 Nf6 4. Bg5 Be7 5. e5 Nfd7 6. Bxe7 Qxe7 7. f4 a6 8.
Nf3 c5 9. Qd2 Nc6 10. dxc5 Nxc5 11. Bd3 f5 12. exf6 Qxf6 13. O-O-O Bd7 14.
Kb1 O-O-O 15. Rhe1 h6 16. h4 Be8 17. Qf2 Nxd3 18. Rxd3 Bg6 19. Rd2 Qxf4 20.
Rxe6 Be4 21. a4 Qf7 22. Rxc6+ bxc6 23. Qc5 Bxf3 24. Qxc6+ Kb8 25. gxf3 Qb7
26. Qc5 Qa7 27. Qb4+ Qb7 28. Qc5 Qa7 29. Qa5 d4 30. Nd5 Rd7 31. Qb4+ Qb7
32. Nb6 Ka7 33. a5 Rhd8 34. Rd3 Rd6 35. Ka2 Rc6 36. c3 Rxb6 37. axb6+ Qxb6
38. Qxb6+ Kxb6 39. Rxd4 Rf8 40. Rd7 g5 41. Rd6+ Kb7 42. Rxh6 gxh4 43. Rxh4
Rxf3 44. Rh6 Rf2 45. Ka3 Rc2 46. Rh3 Kb6 47. b3 Rg2 48. Kb4 Rg4+ 49. c4 Rg5
50. Rh6+ Kb7 51. Rd6 Rh5 52. Rd5 Rh3 53. Ka3 Rg3 54. Kb2 Rh3 55. Kc2 Kb6
56. Rd6+ Kb7 57. Rd3 Rh4 58. Kc3 Kb6 59. Re3 Rg4 60. Re6+ Kb7 61. b4 Rh4
62. Kd3 Rg4 63. Re4 Rg7 64. Kd4 Rd7+ 65. Kc5 Rc7+ 66. Kd6 Rc6+ 67. Kd5 Rc7
68. Re6 Rd7+ 69. Rd6 Rh7 70. Re6 Rd7+ 71. Rd6 Rh7 72. c5 Rh4 73. Rd7+ Kb8
74. Kc6 Rxb4 75. Rd8+ Ka7 76. Kd7 Rd4+ 77. Kc7 Rc4 78. c6 a5 79. Rd5 Ka6
80. Kd7 Kb6 81. Rd6 1/2-1/2

[Event "Six Seasons GM"]
[Site "Dhaka BAN"]
[Date "2010.03.21"]
[Round "8"]
[White "Iuldachev,S"]
[Black "Islam,Kh"]
[Result "1-0"]
[WhiteElo "2511"]
[BlackElo "2300"]
[EventDate "2010.03.16"]

1. e4 e5 2. Nf3 Nc6 3. Nc3 Nf6 4. Bb5 Nd4 5. Nxd4 exd4 6. e5 dxc3 7. exf6
Qxf6 8. dxc3 Bd6 9. O-O O-O 10. Bd3 Re8 11. Be3 Bf8 12. Bd4 Qd8 13. Qf3 d5
14. Rfe1 c5 15. Be5 Be6 16. c4 Qd7 17. h3 Rad8 18. Rad1 Qc6 19. Qg3 Qc8 20.
Bf6 Rd7 21. Bxh7+ Kxh7 22. Re5 Bg4 23. Qxg4 Rxe5 24. Bxe5 d4 25. Rd3 f6 26.
Qf5+ Kg8 27. Qe6+ Kh7 28. Bf4 Qd8 29. Qe2 Kg8 30. Rd1 Re7 31. Qf3 Qe8 32.
b3 Re4 33. g4 Qc6 34. Qg3 a6 35. a4 Qe6 36. Kf1 Re2 37. Qd3 Re4 38. Bd2 Qe7
39. f3 Re6 40. Re1 Rxe1+ 41. Bxe1 Qd7 42. h4 Bd6 43. Qe4 Qc7 44. Bd2 Kf8
45. h5 Qe7 46. Qxe7+ Kxe7 47. Ke2 Ke6 48. Kd3 f5 49. c3 Be5 50. cxd4 Bxd4
51. Be3 Bxe3 52. Kxe3 1-0

[Event "Six Seasons GM"]
[Site "Dhaka BAN"]
[Date "2010.03.22"]
[Round "9"]
[White "Rahman,SM"]
[Black "Abu Sufian,S"]
[Result "1/2-1/2"]
[WhiteElo "2294"]
[BlackElo "2320"]
[EventDate "2010.03.16"]

1. d4 d5 2. Nf3 Nf6 3. c4 dxc4 4. Qa4+ c6 5. Qxc4 Bf5 6. g3 e6 7. Bg2 Nbd7
8. O-O Be7 9. Nc3 O-O 10. Nh4 Nb6 11. Qb3 Qxd4 12. Nxf5 exf5 13. a4 Qc4 14.
Qc2 g6 15. a5 Nbd5 16. Bg5 Nb4 17. Qc1 Rfd8 18. h4 Qe6 19. Ra4 b5 20. axb6
axb6 21. Rd1 Rxa4 22. Nxa4 Rxd1+ 23. Qxd1 c5 24. Nc3 Ne4 25. Bh6 Nf6 26.
Qa4 Qc8 27. Qa7 Qd8 28. Bf4 Bd6 29. Bh6 Be5 30. Qa8 Qxa8 31. Bxa8 Ng4 32.
Bd2 Kf8 33. Na4 Bc7 34. Bxb4 cxb4 35. b3 Ke7 36. Kg2 Ne5 37. Nb2 Ke6 38.
Bb7 Bd6 39. Nd3 Nd7 40. Bc8 Ke7 41. Ba6 Nf6 42. Bc4 Ne4 43. Bd5 Nc3 44. Bf3
Ke6 45. g4 fxg4 46. Bxg4+ f5 47. Bf3 Ne4 48. e3 Nd2 49. Bd1 Kd5 50. Bc2 h6
51. f3 g5 52. hxg5 hxg5 53. Kf2 g4 54. Ne1 gxf3 55. Nxf3 Ne4+ 56. Ke2 Be5
57. Nh4 f4 58. exf4 Nc3+ 59. Kf3 Bf6 60. Nf5 Kc5 61. Ng3 Kd4 62. Nh5 Bh8
63. Bh7 Nd5 64. Bg6 Nf6 65. Ng3 Nd7 66. Bf7 Nc5 67. f5 Kd3 68. Nh5 Nd7 69.
Be6 Nf6 70. Nf4+ Kc3 71. Ne2+ Kd3 72. Bc4+ Kc2 73. Nd4+ Kc3 74. Nb5+ Kc2
75. Nd4+ Kc3 76. Ne2+ Kc2 77. Be6 Kd3 78. Bc4+ Kc2 79. Ke3 Nd7 80. Nd4+ Kb2
81. Ne6 Ne5 82. Kd4 Nc6+ 83. Kd3 Na5 84. Nd4 Bf6 85. Bd5 Bh8 86. Ke4 Kc3
87. Ne2+ Kc2 88. Nd4+ Kc3 89. Nb5+ Kc2 90. Nd4+ Kc3 91. Ne2+ Kc2 1/2-1/2